Loading...
| Literature - European | 0 | 4 | 0 | 0 | 40 | 78 | 108.75 | 0 | 0 | 0.00 | 0.00 |
| Mythology | 0 | 4 | 0 | 0 | 40 | 42 | 65.75 | 1 | 2 | 0.00 | 0.00 |
| Literature - World/Other | 0 | 4 | 0 | 0 | 40 | 62 | 69.00 | 2 | 3 | 0.00 | 0.00 |
| Social Science | 0 | 4 | 1 | 0 | 35 | 48 | 62.50 | 0 | 3 | 0.00 | 0.00 |
| Religion | 0 | 4 | 1 | 0 | 35 | 73 | 94.00 | 1 | 3 | 0.00 | 0.00 |
| Science - Chemistry | 0 | 3 | 0 | 1 | 30 | 97 | 108.33 | 0 | 0 | 0.00 | 0.00 |
| Fine Arts - Other | 0 | 3 | 0 | 0 | 30 | 68 | 86.67 | 1 | 2 | 0.00 | 0.00 |
| Literature - American | 0 | 2 | 0 | 0 | 20 | 129 | 134.50 | 0 | 0 | 0.00 | 0.00 |
| History - American | 0 | 3 | 2 | 0 | 20 | 48 | 72.33 | 1 | 2 | 0.00 | 0.00 |
| Literature - British | 0 | 2 | 1 | 1 | 15 | 90 | 108.50 | 0 | 0 | 0.00 | 0.00 |
| Science - Biology | 0 | 1 | 0 | 0 | 10 | 65 | 65.00 | 0 | 0 | 0.00 | 0.00 |
| Philosophy | 0 | 1 | 0 | 0 | 10 | 69 | 69.00 | 0 | 0 | 0.00 | 0.00 |
| History - Other | 0 | 2 | 3 | 1 | 5 | 26 | 76.00 | 1 | 1 | 0.00 | 0.00 |
| Pop Culture | 0 | 1 | 1 | 0 | 5 | 42 | 42.00 | 1 | 1 | 0.00 | 0.00 |
| Fine Arts - Classical Music | 0 | 1 | 1 | 0 | 5 | 103 | 103.00 | 0 | 0 | 0.00 | 0.00 |
| Science - Other | 0 | 1 | 1 | 0 | 5 | 108 | 108.00 | 0 | 0 | 0.00 | 0.00 |
| Fine Arts - Visual | 0 | 1 | 2 | 0 | 0 | 70 | 70.00 | 0 | 1 | 0.00 | 0.00 |